000 00602 a2200169 4500
999 _c10140
_d10140
020 _a9781586481797
050 _aLB1776.2 KOP 2011
100 _aKopp, Wendy
_eauthor
245 _aOne Day, Children :
_bthe unlikely triumph of teach for America and what i learned along the way /
_cWendy Kopp
264 _aNew York :
_bPublic Affairs,
_c2011.
300 _a196p. :
500 _aIncludes bibliographical references
650 _aTeach for America (Project)
650 _aElementary and secondary school teachers
_xIn-service training
651 _aUnited States
942 _2lcc
_cBK
_h1776.2
_iKOP
_kLB